Statistics for Girlbands Quiz

Click here to take the quiz!

General Stats

  • This quiz has been taken 69 times
  • The average score is 17 of 53

Answer Stats

Band MembersGirlband% Correct
Geri Victoria Melanie Emma and MelanieSpice Girls
94%
Michelle Kelly and BeyonceDestinys Child
81%
Leigh-Anne Perrie Jesy and JadeLittle Mix
80%
Kimberley Nicola Cheryl Sarah and NadineGirls Aloud
74%
Kerry Liz and NatashaAtomic Kitten
72%
Florence Mary and DianaThe Supremes
72%
Shaznay Melanie Natalie and NicoleAll Saints
69%
Siobhan Keisha and MutyaSugababes
69%
Tionne Lisa and RozondaTLC
67%
Carmit Jessica Kimberley Ashley and NicolePussycat Dolls
65%
Ally Normani Dinah Lauren and CamillaFifth Harmony
63%
Frankie Una Rochelle Mollie and VanessaThe Saturdays
63%
Keavy Sinead Lindsay and EdeleBWitched
57%
Anne Maureen Denise Linda Colleen and BernieThe Nolans
50%
Sara Siobhan and KerenBananarama
46%
Louise Kelle Vernie and EstherEternal
44%
Su-Elise Alesha and SabrinaMisteeq
39%
Natalie and NicoleAppleton
35%
Susanna Debbi and VickiThe Bangles
35%
Monica and GabriellaThe Cheeky Girls
35%
Debbie Joni Kathy and KimSister Sledge
31%
Anika Michelle Linzi Nikki and JodiGirl Thing
30%
Melanie and KimMel & Kim
30%
Terry Dawn Cindy and MaxineEn Vogue
28%
Nona Sarah and PattiLaBelle
28%
Julia and LenaT.a.t.u
28%
Shirley Doris Addie and BeverlyThe Shirelles
26%
Louise Anya Sophie Kalli and JennyPrecious
24%
Nedra Estelle and VeronicaThe Ronettes
22%
Annette Rosalind and MarthaMartha & The Vandellas
20%
Gina Charlotte Jane and BelindaThe Go Gos
20%
June Bonnie and AnitaThe Pointer Sisters
20%
Lucia Lola Pilar and RocioLas Ketchup
19%
Jinny Dorothy Janet and CarolThe Chordettes
19%
Deidra Cheryl and SandraSalt n Pepa
17%
Coko Taj and LeleeSWV
15%
Erica and TrecinaMary Mary
11%
Carnie Wendy and ChynnaWilson Phillips
11%
Martie Emily and NatalieDixie Chicks
9%
Chantal Sabrina and AishaFierce
9%
Mary-Ann Marge Betty and MaryThe Shangri Las
9%
Fayette Valerie and SheilaThe Three Degrees
9%
Izora and MarthaThe Weather Girls
9%
Lauren Natasha and JazzyG.R.L
7%
Tamar Trina Towanda Traci and ToniThe Braxtons
7%
Caroline and AinoIcona Pop
6%
LaVerne Patty and MaxeneThe Andrews Sisters
6%
Lisa and JessicaThe Veronicas
6%
Mayte and MariaBaccara
4%
Esther Jessica Clarissa and SophieBelle Amie
4%
Nadja Lucy Sandy Vanessa and JessicaNo Angels
4%
Wanda Sheila and JeanetteThe Emotions
2%
Chantelle Belinda Sophie Katie and SallyBardot
0%

Score Distribution

Percentile by Number Answered

Percent of People with Each Score

Your Score History

You have not taken this quiz